Ďalšie štúdium, zn. dištančne

Charakteristika dištančného štúdia. Dištančné štúdium na Open University Business School na Slovensku. Ťažisková úloha tútorov. Medzinárodná komunita študentov. Financovanie dištančného štúdia.

Salvato in:
Dettagli Bibliografici
Autore principale: Švorcová, Petra
Natura: Capitolo di libro
Lingua:slovacco
Soggetti:
Tags: Aggiungi Tag
Nessun Tag, puoi essere il primo ad aggiungerne!!

MARC

LEADER 00000naa a2200000 4500
001 0122215
005 20231009103228.8
041 0 |a slo 
044 |a SK 
245 1 0 |a Ďalšie štúdium, zn. dištančne  |c Petra Švorcová 
520 |a Charakteristika dištančného štúdia. Dištančné štúdium na Open University Business School na Slovensku. Ťažisková úloha tútorov. Medzinárodná komunita študentov. Financovanie dištančného štúdia. 
610 2 0 |a vzdelávanie dištančné 
610 2 0 |a vzdelávanie dospelých 
610 2 0 |a kvalifikácia 
610 2 0 |a študenti 
610 2 0 |a kultúra 
610 2 0 |a financie 
100 1 |a Švorcová, Petra